All Incorporated Municipalities of Saratoga County, New York - Statistics

General Stats
  • This quiz has been taken 17 times
  • The average score is 11 of 30
Answer Stats
Answer % Correct
Clifton Park
86%
Ballston
71%
Saratoga
71%
Ballston Spa
57%
Malta
57%
Saratoga Springs
57%
Charlton
43%
Day
43%
Edinburg
43%
Greenfield
43%
Hadley
43%
Mechanicville
43%
Wilton
43%
Corinth
29%
Corinth
29%
Galway
29%
Galway
29%
Halfmoon
29%
Milton
29%
Moreau
29%
Schuylerville
29%
South Glens Falls
29%
Stillwater
29%
Stillwater
29%
Northumberland
14%
Providence
14%
Round Lake
14%
Victory
14%
Waterford
14%
Waterford
14%
No matching quizzes found
Score Distribution
Percent of People with Each Score
Percentile by Number Answered
Your Score History
You have not taken this quiz